[Event "WchT Seniors 65"]
[Site "Radebeul"]
[Date "2016.06.26"]
[Round "1.4"]
[White "Scowen, Roger S"]
[Black "Mueller, Horst1111"]
[Result "0-1"]
[WhiteElo "1849"]
[BlackElo "2165"]
[PlyCount "76"]
[EventDate "2016.06.26"]
[EventType "team-swiss"]
[EventRounds "9"]
[EventCountry "GER"]
[SourceTitle "CBM 173 Extra"]
[Source "ChessBase"]
[SourceDate "2016.08.29"]
[SourceVersion "1"]
[SourceVersionDate "2016.08.29"]
[SourceQuality "1"]
[WhiteTeam "England III"]
[BlackTeam "Hessen"]
[WhiteTeamCountry "ENG"]
[BlackTeamCountry "GER"]

1. e4 c5 2. Nf3 d6 3. Bb5+ Nd7 4. 0-0 e6 5. d4 cxd4 6. Qxd4 e5 7. Qa4 Be7 8. c4 h6 9. Nc3 Ngf6 10. Qc2 0-0 11. Bxd7 Bxd7 12. b3 Bg4 13. h3 Be6 14. Nd5 Nxd5 15. exd5 Bd7 16. Ba3 b6 17. Nd2 f5 18. f4 e4 19. Rac1 Rc8 20. b4 Qe8 21. Nb3 Ba4 22. Qe2 Bxb3 23. axb3 Qf7 24. b5 Rfe8 25. Ra1 Rc7 26. Ra2 Rd7 27. Rfa1 Bf8 28. Bb2 Ree7 29. Bd4 Kh7 30. Qe3 g6 31. Qc3 Qe8 32. Bf6 Rf7 33. Bd4 Qd8 34. Kh2 g5 35. g3 gxf4 36. gxf4 Bg7 37. Rg1 Qh4 38. Rf2 Qxf2+ 0-1

[Event "Sunningdale e2e4 Seniors op 04"]
[Site "Sunningdale"]
[Date "2014.04.20"]
[Round "4"]
[White "Scowen, Roger S"]
[Black "Calvert, David Ian"]
[Result "1/2-1/2"]
[WhiteElo "1883"]
[BlackElo "1978"]
[PlyCount "72"]
[EventDate "2014.04.17"]
[EventType "swiss"]
[EventRounds "5"]
[EventCountry "ENG"]
[SourceTitle "EXT 2015"]
[Source "ChessBase"]
[SourceDate "2014.11.20"]
[SourceVersion "1"]
[SourceVersionDate "2014.11.20"]
[SourceQuality "1"]

1. e4 d5 2. e5 c5 3. d4 Nc6 4. c3 Bf5 5. Bd3 Bxd3 6. Qxd3 e6 7. Nf3 Nge7 8. 0-0 Nf5 9. Be3 Nxe3 10. fxe3 Be7 11. Nbd2 0-0 12. Rae1 Qb6 13. a3 f5 14. exf6 Bxf6 15. b4 cxb4 16. cxb4 Rad8 17. Nb3 Nb8 18. e4 Nd7 19. exd5 exd5 20. Nc5 Nxc5 21. dxc5 Qc6 22. Nd4 Bxd4+ 23. Qxd4 Rxf1+ 24. Rxf1 Qe6 25. Rd1 a6 26. h3 h6 27. Rd3 Rd7 28. Re3 Qf7 29. Rf3 Qe6 30. Re3 Qf7 31. Re5 Kh7 32. a4 Qg6 33. Kh2 Qc6 34. Qd3+ Qg6 35. Qd4 Qc6 36. Qd3+ Qg6 1/2-1/2

[Event "EU-chT Seniors"]
[Site "Rogaska Slatina"]
[Date "2012.03.27"]
[Round "1.15"]
[White "Bonner, Gerald"]
[Black "Scowen, Roger S"]
[Result "0-1"]
[WhiteElo "2197"]
[BlackElo "1943"]
[PlyCount "96"]
[EventDate "2012.03.27"]
[EventType "team-swiss"]
[EventRounds "9"]
[EventCountry "SLO"]
[SourceTitle "CBM 147 Extra"]
[Source "ChessBase"]
[SourceDate "2012.04.24"]
[SourceVersion "1"]
[SourceVersionDate "2012.04.24"]
[SourceQuality "1"]
[WhiteTeam "Scotland (Seniors)"]
[BlackTeam "England (Seniors) III"]
[WhiteTeamCountry "SCO"]
[BlackTeamCountry "ENG"]

1. d4 d5 2. Nf3 Nf6 3. e3 c6 4. Bd3 Bg4 5. Nbd2 Nbd7 6. h3 Bh5 7. c4 e6 8. Qb3 Qb6 9. c5 Qxb3 10. axb3 Be7 11. b4 Bg6 12. Be2 0-0 13. 0-0 b6 14. b5 cxb5 15. c6 Nb8 16. Bxb5 Bd6 17. b3 Rc8 18. Ba3 Ne8 19. Rfc1 Bxa3 20. Rxa3 Nd6 21. Ba6 Rxc6 22. Rxc6 Nxc6 23. Ne5 Nb4 24. Ra4 Nxa6 25. Rxa6 Nb5 26. Kf1 f6 27. Nxg6 hxg6 28. Ke2 Rc8 29. b4 Rc2 30. Kd1 Rb2 31. Kc1 Rxb4 32. Kc2 Kf8 33. Nb1 Rc4+ 34. Kb2 Rc7 35. Na3 Nxa3 36. Kxa3 Ke7 37. Kb4 Kd7 38. Kb5 Kc8 39. Ra3 Kb7 40. f3 Rc2 41. g4 a6+ 42. Kb4 Rc4+ 43. Kb3 b5 44. Ra1 Kb6 45. f4 a5 46. h4 b4 47. Re1 Kb5 48. h5 a4+ 0-1

[Event "EU-chT Seniors 12th"]
[Site "Dresden"]
[Date "2010.02.17"]
[Round "8"]
[White "Mai, Hartmut"]
[Black "Scowen, Roger S"]
[Result "1-0"]
[WhiteElo "1933"]
[BlackElo "1990"]
[PlyCount "77"]
[EventDate "2010.02.10"]
[EventType "team-swiss"]
[EventRounds "9"]
[EventCountry "GER"]
[SourceTitle "CBM 134 Extra"]
[Source "ChessBase"]
[SourceDate "2010.03.03"]
[SourceVersion "1"]
[SourceVersionDate "2010.03.03"]
[SourceQuality "1"]
[WhiteTeam "Stiftung BSW/DBAG (Seniors) III"]
[BlackTeam "England (Seniors) II"]
[WhiteTeamCountry "GER"]
[BlackTeamCountry "ENG"]

1. d4 Nf6 2. Nf3 e6 3. Bf4 b6 4. e3 Bb7 5. Bd3 Be7 6. Nbd2 0-0 7. 0-0 Nh5 8. Qe2 Nxf4 9. exf4 c5 10. c3 Nc6 11. Rac1 f5 12. Ne5 cxd4 13. Nxc6 Bxc6 14. cxd4 Bd6 15. g3 Rf6 16. Nc4 Bxf4 17. Rc2 Rh6 18. Ne5 Bd5 19. Bc4 Be4 20. Bd3 Bxe5 21. Bxe4 Bxg3 22. fxg3 fxe4 23. Qxe4 Rf6 24. Rfc1 Rf8 25. d5 Qe7 26. Qe5 Rf5 27. Qe4 Rxd5 28. Rc8+ Rxc8 29. Rxc8+ Kf7 30. Qxh7 Qf6 31. Qg8+ Kg6 32. Rf8 Rd1+ 33. Kg2 Qxb2+ 34. Kh3 Qd4 35. Qf7+ Kg5 36. Qe7+ Kh5 37. Rf4 Qa1 38. Qf7+ g6 39. Qh7+ 1-0